| 000 | 00970nam a2200241 a 4500 | ||
|---|---|---|---|
| 001 | 78960 | ||
| 003 | BD-RjUL | ||
| 005 | 20211209083208.0 | ||
| 008 | 211202s2021 bg ||||| |||| 00| 0 ben d | ||
| 020 |
_a9789844142275 _c: Tk. 200.00 |
||
| 035 | _a(BD-RjUL)79187 | ||
| 040 |
_aBD-RjUL _beng _cBD-RjUL |
||
| 041 | _aben | ||
| 082 |
_223 _a954.9205092 _bMAB 2021 |
||
| 100 |
_aমওদুদ, বেবী _9250966 |
||
| 245 | 1 | 0 |
_aবঙ্গবন্ধু শেখ মুজিব ও তাঁর পরিবার / _cবেবী মওদুদ |
| 250 | _aবর্ধিত ৩য় সং. | ||
| 260 |
_aঢাকা : _bঅনিন্দ্য প্রকাশ, _c২০২১ |
||
| 300 |
_a১১১ পৃ.: _bচিত্রসমূহ ; _c২২ সেমি. |
||
| 600 |
_aমুজিবুর রহমান, _cশেখ, _d১৯২০-১৯৭৫ _9250969 |
||
| 600 |
_aMujibur Rahman, _cSheikh, _d1920-1975 _9250970 |
||
| 942 |
_2ddc _cBK |
||
| 999 |
_c78960 _d78960 |
||